| Поле | Инд. | ПП | Название | Значение |
|---|---|---|---|---|
| Тип записи | a | |||
| Библиографический уровень | m | |||
| 001 | Контрольный номер | UNIDUBNAa4dd5e604ad04d85830f05c2c9622a8f | ||
| 005 | Дата корректировки | 20260411121537.7 | ||
| 008 | Кодируемые данные | 20260410 | ||
| 022 | 0_ | a | ISSN | 0130-1616 |
| 084 | a | Индекс другой классификации/Индекс ББК | 84(2=411.2)6 | |
| 084 | a | Индекс другой классификации/Индекс ББК | 83.3(2=411.2)6 | |
| 090 | a | Полочн. индекс | 95.2 | |
| 099 | a | Индекс | 70331 | |
| 245 | 10 | a | Заглавие | Знамя |
| n | Номер части/ раздела | №3/2026 | ||
| b | Продолж. заглавия | ежемесячный литературно-художественный и общественно-политический журнал | ||
| c | Ответственность | учредитель: АНО "Редакция журнала "Знамя"; гл. ред. С. И. Чупринин | ||
| 260 | c | Дата издания | 2026 | |
| b | Издательство | Знамя | ||
| a | Место издания | Москва | ||
| 300 | a | Объем | 240 с. | |
| 500 | a | Примечание | Журнал | |
| 505 | 0_ | a | Форматированное содержание | Противогазы, гомон третьей роты... |
| b | Автор | Русаков Г. А. | ||
| n | Доп. информация | Стихи | ||
| 505 | 0_ | a | Форматированное содержание | Искандер М. |
| b | Автор | Гильдина Э. | ||
| n | Доп. информация | Повесть | ||
| 505 | 0_ | a | Форматированное содержание | Дни быстротечные, искры ночные |
| b | Автор | Кудряков А. В. | ||
| n | Доп. информация | Стихи | ||
| 505 | 0_ | a | Форматированное содержание | Дом, где я был |
| b | Автор | Минаев Б. | ||
| n | Доп. информация | Повесть в пяти новеллах | ||
| 505 | 0_ | a | Форматированное содержание | Изломанные пассатижи |
| b | Автор | Аксёнова К. А. | ||
| n | Доп. информация | Стихи | ||
| 505 | 0_ | a | Форматированное содержание | Завтра все случится |
| b | Автор | Долгопят Е. | ||
| n | Доп. информация | Рассказы о прошлом и будущем | ||
| 505 | 0_ | a | Форматированное содержание | Нам остается только красота |
| b | Автор | Псурцев Д. В. | ||
| n | Доп. информация | Стихи | ||
| 505 | 0_ | a | Форматированное содержание | Огненное гнездо |
| b | Автор | Гончуков А. | ||
| n | Доп. информация | Опыт | ||
| 505 | 0_ | a | Форматированное содержание | Вещи, которых не видно |
| b | Автор | Втулкина Н. | ||
| n | Доп. информация | Рассказы | ||
| 505 | 0_ | a | Форматированное содержание | Говорят лауреаты "Знамени" |
| b | Автор | Гильфанов Р. | ||
| b | Автор | Игнатьева М. | ||
| b | Автор | Мамедов А. | ||
| b | Автор | Секретов С. | ||
| b | Автор | Снегирёв А. | ||
| b | Автор | Тименчик Р. | ||
| b | Автор | Бахнов Л. | ||
| b | Автор | Бунимович Е. | ||
| 505 | 0_ | a | Форматированное содержание | Воспоминания о военном детствеъ |
| b | Автор | Касаткин А. И. | ||
| 505 | 0_ | a | Форматированное содержание | Толмач |
| b | Автор | Яковлев С. А. | ||
| n | Доп. информация | "Постылая проза" Владимира леоновича | ||
| 505 | 0_ | a | Форматированное содержание | Запятая-38 |
| b | Автор | Боровиков С. Г. | ||
| n | Доп. информация | В русском жанре-98 | ||
| 505 | 0_ | a | Форматированное содержание | От образа к заражению |
| b | Автор | Марков А. | ||
| n | Доп. информация | Как мимесис стал мимикрией и что это говорит о нас сегодня | ||
| 600 | 14 | a | Персоналии | Леонович Владимир Николаевич |
| 650 | 04 | a | Основная рубрика | художественная литература; литературоведение |
| 653 | 0_ | a | Ключевые слова | XX век |
| a | Ключевые слова | XXI век | ||
| a | Ключевые слова | Великая Отечественная война 1941-1945 | ||
| a | Ключевые слова | детство | ||
| a | Ключевые слова | литературные журналы | ||
| a | Ключевые слова | литературные премии | ||
| a | Ключевые слова | мимесис | ||
| a | Ключевые слова | мимикрия | ||
| a | Ключевые слова | русская литература | ||
| a | Ключевые слова | русская литературная критика | ||
| a | Ключевые слова | русская поэзия | ||
| 655 | a | Жанр/ форма (устаревшее) | мемуары (воспоминания) | |
| a | Жанр/ форма (устаревшее) | повесть | ||
| a | Жанр/ форма (устаревшее) | поэзия | ||
| a | Жанр/ форма (устаревшее) | проза | ||
| a | Жанр/ форма (устаревшее) | рассказ | ||
| a | Жанр/ форма (устаревшее) | стихотворение | ||
| 700 | 12 | a | Автор | Русаков Г. А. |
| q | Полное имя | Русаков Геннадий Александрович | ||
| 700 | 12 | a | Автор | Гильдина Э. |
| q | Полное имя | Гильдина Эльза | ||
| 700 | 12 | a | Автор | Кудряков А. В. |
| q | Полное имя | Кудряков Алексей Васильевич | ||
| 700 | 12 | a | Автор | Минаев Б. |
| q | Полное имя | Минаев Борис | ||
| 700 | 12 | a | Автор | Аксёнова К. А. |
| q | Полное имя | Аксёнова Ксения Александровна | ||
| 700 | 12 | a | Автор | Долгопят Е. |
| q | Полное имя | Долгопят Елена | ||
| 700 | 12 | a | Автор | Псурцев Д. В. |
| q | Полное имя | Псурцев Дмитрий Владимирович | ||
| 700 | 12 | a | Автор | Гончуков А. |
| q | Полное имя | Гончуков Арсений | ||
| 700 | 12 | a | Автор | Втулкина Н. |
| q | Полное имя | Втулкина Наташа | ||
| 700 | 12 | a | Автор | Гильфанов Р. |
| q | Полное имя | Гильфанов Ренат | ||
| 700 | 12 | a | Автор | Игнатьева М. |
| q | Полное имя | Игнатьева Мария | ||
| 700 | 12 | a | Автор | Мамедов А. |
| q | Полное имя | Мамедов Афанасий | ||
| 700 | 12 | a | Автор | Секретов С. |
| q | Полное имя | Секретов Станислав | ||
| 700 | 12 | a | Автор | Снегирёв А. |
| q | Полное имя | Снегирёв Александр | ||
| 700 | 12 | a | Автор | Бахнов Л. |
| q | Полное имя | Бахнов Леонид | ||
| 700 | 12 | a | Автор | Тименчик Р. |
| q | Полное имя | Тименчик Роман | ||
| 700 | 12 | a | Автор | Бунимович Е. |
| q | Полное имя | Бунимович Евгений | ||
| 700 | 12 | a | Автор | Касаткин А. И. |
| q | Полное имя | Касаткин Александр Иванович | ||
| 700 | 12 | a | Автор | Яковлев С. А. |
| q | Полное имя | Яковлев Сергей Ананьевич | ||
| 700 | 12 | a | Автор | Боровиков С. Г. |
| q | Полное имя | Боровиков Сергей Григорьевич | ||
| 700 | 12 | a | Автор | Марков А. |
| q | Полное имя | Марков Александр | ||
| 773 | 18 | w | Контрольный № источника | RU/IS/BASE/411140991 |
| 901 | t | Тип документа | s | |
| 952 | a | Тип литературы для КСУ ВШ | ЛХЖ | |
| 991 | s | 6 |